Generative AI For Everyone: Deep Learning, NLP, And LLMs For Creative And Practical Applications (Record no. 367831)

MARC details
000 -LEADER
fixed length control field 00322 a2200109 4500
005 - DATE AND TIME OF LATEST TRANSACTION
control field 20250917115800.0
020 ## - INTERNATIONAL STANDARD BOOK NUMBER
International Standard Book Number 9789365897388
100 ## - MAIN ENTRY--PERSONAL NAME
Personal name Sabesan K.
9 (RLIN) 213155
245 ## - TITLE STATEMENT
Title Generative AI For Everyone: Deep Learning, NLP, And LLMs For Creative And Practical Applications
260 ## - PUBLICATION, DISTRIBUTION, ETC. (IMPRINT)
Name of publisher, distributor, etc. BPB Publications
Date of publication, distribution, etc. 2025
942 ## - ADDED ENTRY ELEMENTS (KOHA)
Koha item type Article
Holdings
Withdrawn status Lost status Source of classification or shelving scheme Damaged status Not for loan Home library Current library Date acquired Vendor Cost, normal purchase price Total Checkouts Full call number Barcode Checked out Date last seen Date last checked out Cost, replacement price Bill Date Koha item type
    Dewey Decimal Classification     Cummins College of Engineering for Women Pune Cummins College of Engineering for Women Pune 19/09/2025 115 749.25 8 006.3 SAB CCEP-BK-69460 13/04/2026 30/03/2026 30/03/2026 999.00 19/09/2025 Books